00000000nas##2200000za#4500
0019.508769
003CaOODSP
00520200325101654
007co |||||||||||
008150406c1999||||xxc|| p q||||f|   |0fre|d
022 |a1487-5381
040 |aCaOODSP|bfre
041 |aeng
041 |afre
043 |an-cn---
0861 |aT51-7MRC
1101 |aCanada.|bTransports Canada. |bDirection de l'inspection et licences aéronautiques.
24510|aRegistre d'immatriculation des aéronefs civils canadiens / |h[ressource électronique]|cPublié par la Direction de l'inspection et licences aéronautiques.
260 |aOttawa - Ontario : |bTransports Canada.
310 |aTrimestriel
500 |aN.B.: Les bibliothèques de dépôt peuvent mettre ce produit sur leur réseau électronique. Il est gratuit de rechercher dans le Registre sur le site Web du Ministère au: http://www.tc.gc.ca/aviation/ccarcs-f ou de transférer le Registre actuel dans le format MS Access97 (Windows 95/NT) au: http://www.tc.gc.ca/aviation/ccarcs/download/notice-f.htm
546 |aBilingue
791 |tCanadian civil aircraft register / |eeng|w(CaOODSP)9.508768